Khảo sát một số đặc điểm về khả năng sinh sản, phát triển và sống sót của ốc bưu vàng pomacea canliculata (lamarck) (ampullariidae, mesogastropoda)

Nội dung phản ánh nguồn gốc,sự phân bố, đặc điểm hình thái, đặc điểm sinh học của ốc bươu vàng, ốc bươu, ốc lác đồng thời đề tài còn trình bày thí nghiệm về khả năng lai giữa các lọai ốc trên...

وصف كامل

محفوظ في:
التفاصيل البيبلوغرافية
المؤلف الرئيسي: Vũ, Bá Quan
التنسيق: كتاب
اللغة:Undetermined
منشور في: Cần Thơ Trường Đại học Cần Thơ 2003
الموضوعات:
الوسوم: إضافة وسم
لا توجد وسوم, كن أول من يضع وسما على هذه التسجيلة!
Thư viện lưu trữ: Trung tâm Học liệu Trường Đại học Cần Thơ
LEADER 01038nam a2200205Ia 4500
001 CTU_83324
008 210402s9999 xx 000 0 und d
082 |a 632.7 
082 |b Qu105 
088 |a 606201 
100 |a Vũ, Bá Quan 
245 0 |a Khảo sát một số đặc điểm về khả năng sinh sản, phát triển và sống sót của ốc bưu vàng pomacea canliculata (lamarck) (ampullariidae, mesogastropoda) 
245 0 |c Vũ Bá Quan 
260 |a Cần Thơ 
260 |b Trường Đại học Cần Thơ 
260 |c 2003 
520 |a Nội dung phản ánh nguồn gốc,sự phân bố, đặc điểm hình thái, đặc điểm sinh học của ốc bươu vàng, ốc bươu, ốc lác đồng thời đề tài còn trình bày thí nghiệm về khả năng lai giữa các lọai ốc trên 
650 |a Insect pets 
904 |i Mai Loan, Qhieu 
980 |a Trung tâm Học liệu Trường Đại học Cần Thơ